UBT Library

The encyclopedia of elephants big cats bears whales: (Record no. 2341)

000 -LEADER
fixed length control field 00361nam a22001217a 4500
008 - FIXED-LENGTH DATA ELEMENTS--GENERAL INFORMATION
fixed length control field 160521b xxu||||| |||| 00| 0 eng d
020 ## - INTERNATIONAL STANDARD BOOK NUMBER
International Standard Book Number 9781842150719
020 ## - INTERNATIONAL STANDARD BOOK NUMBER
International Standard Book Number 1842150715
041 ## - LANGUAGE CODE
Language code of text/sound track or separate title eng
080 ## - UNIVERSAL DECIMAL CLASSIFICATION NUMBER
Universal Decimal Classification number 579
245 ## - TITLE STATEMENT
Title The encyclopedia of elephants big cats bears whales:
Statement of responsibility, etc Barbara Taylor; Robin Kerrod; Michael Bright; Rhonda Klevansky;
942 ## - ADDED ENTRY ELEMENTS (KOHA)
Source of classification or shelving scheme
Item type Books
Holdings
Withdrawn status Lost status Source of classification or shelving scheme Damaged status Not for loan Collection code Permanent location Current location Shelving location Date acquired Total Checkouts Full call number Barcode Date last seen Price effective from Koha item type
          Koleksioni i përgjithshem UBT - Lipjan UBT - Lipjan Koleksioni i përgjithshem 05/21/2016   579 TAY 002-035693 05/21/2016 05/21/2016 Books
UBT Library © 2015-2024. All rights reserved University Education for Business and Technology